000
00297nam a2200109Ia 4500
008
220204s9999 xx 000 0 und d
082
_a
633.18
_b
SRI
100
_a
Srinivasamurthy, J
245
0
_a
IR-8 adoption and the influence of extension campaign
260
_a
Bangalore
_b
UAS
_c
1971
942
_c
BK
999
_c
21880
_d
21880